EPL Top Scorers of the 2010s - Statistics

General Stats
  • This quiz has been taken 36 times
  • The average score is 15 of 25
Answer Stats
Club(s) Goals Answer % Correct
Tottenham 125 Harry Kane
97%
Man. City 164 Sergio Agüero
97%
Man. Utd, Everton 128 Wayne Rooney
97%
Leciester 80 Jamie Vardy
88%
Arsenal, Man. Utd 105 Robin van Persie
81%
West Brom., Everton, Man. Utd 113 Romelu Lukaku
81%
Chelsea, Liverpool 56 Mohamed Salah
75%
Southampton, Liverpool 67 Sadio Mané
69%
Liverpool, Man. City 66 Raheem Sterling
66%
Chelsea 85 Eden Hazard
63%
Chelsea, Man. City 70 Frank Lampard
63%
Portsmouth, Tottenham, Sunderland, Bournemouth 83 Jermain Defoe
63%
Liverpool 69 Luis Suárez
63%
Tottenham, Stoke City 56 Peter Crouch
56%
Arsenal, Chelsea 78 Olivier Giroud
50%
Sunderland, Aston Villa, Fulham 56 Darren Bent
47%
Man. City 53 David Silva
47%
Man. City 62 Yaya Touré
47%
Chelsea, Bolton, Liverpool 71 Daniel Sturridge
38%
Man. Utd, Fulham 58 Dimitar Berbatov
38%
Arsenal, Man. Utd 63 Alexis Sánchez
34%
Man. City 58 Carlos Tévez
31%
Aston Villa, Liverpool, Crystal Palace 70 Christian Benteke
28%
Swansea, Tottenham, Everton 59 Gylfi Sigurðsson
25%
Arsenal, Everton 67 Theo Walcott
25%
No matching quizzes found
Score Distribution
Percent of People with Each Score
Percentile by Number Answered
Your Score History
You have not taken this quiz